| 000 | 00555nam a2200181 4500 | ||
|---|---|---|---|
| 001 | 106928 | ||
| 003 | ES-MaACL | ||
| 005 | 20230906184316.0 | ||
| 007 | t| | ||
| 008 | 061121s1968 sp r ||||1| spa d | ||
| 100 | 1 |
_aMoreno Murciano, Andrés. _983414 |
|
| 245 | 1 | 0 |
_aAlbarracin _b: brevario turístico / _cAndrés Moreno Murciano; [dibujos de José Quíles Morzón]. |
| 250 | _a2º. ed. | ||
| 260 |
_aValencia : _bParedes, _c[1968] |
||
| 300 |
_a55p. ; _c21. cm. |
||
| 700 | 1 |
_aQuíles Morzón, José. _994625 |
|
| 852 |
_aES-MaACL _jC-48381 _bR.66950 |
||
| 999 |
_c106928 _d106928 |
||